Mirror mirror (Record no. 154661)
[ view plain ]
| 000 -LEADER | |
|---|---|
| fixed length control field | 01910cgm a2200445 a 4500 |
| 001 - CONTROL NUMBER | |
| control field | vtls003255166 |
| 003 - CONTROL NUMBER IDENTIFIER | |
| control field | MY-SjTCS |
| 005 - DATE AND TIME OF LATEST TRANSACTION | |
| control field | 20200226115832.0 |
| 007 - PHYSICAL DESCRIPTION FIXED FIELD--GENERAL INFORMATION | |
| fixed length control field | vd cvaizz |
| 008 - FIXED-LENGTH DATA ELEMENTS--GENERAL INFORMATION | |
| fixed length control field | 131204s2012 cau101 s00 vleng d |
| 039 #9 - LEVEL OF BIBLIOGRAPHIC CONTROL AND CODING DETAIL [OBSOLETE] | |
| Level of rules in bibliographic description | 201402051100 |
| Level of effort used to assign nonsubject heading access points | pushpa |
| Level of effort used to assign subject headings | 201402051059 |
| Level of effort used to assign classification | pushpa |
| Level of effort used to assign subject headings | 201401221105 |
| Level of effort used to assign classification | fadzli0512 |
| Level of effort used to assign subject headings | 201401221103 |
| Level of effort used to assign classification | fadzli0512 |
| -- | 201312041130 |
| -- | malathy |
| 041 1# - LANGUAGE CODE | |
| Language code of text/sound track or separate title | eng |
| Language code of summary or abstract | eng |
| -- | chi |
| -- | mal |
| 082 04 - DEWEY DECIMAL CLASSIFICATION NUMBER | |
| Classification number | 791.4372 |
| Item number | MIR 2012 |
| 245 00 - TITLE STATEMENT | |
| Title | Mirror mirror |
| Medium | [videorecording] / |
| Statement of responsibility, etc. | Relativity presents ; produced by Bernie Goldman, Ryan Kavanaugh, Brett Ratner ; screenplay by Marc Klein and Jason Keller ; directed by Tarsem Singh Dhandwar. |
| 246 ## - VARYING FORM OF TITLE | |
| Title proper/short title | Mirror, mirror |
| 260 ## - PUBLICATION, DISTRIBUTION, ETC. | |
| Place of publication, distribution, etc. | Beverly Hills, Calif. : |
| Name of publisher, distributor, etc. | Filmnation Entertainment ; |
| Place of publication, distribution, etc. | Kuala Lumpur : |
| Name of publisher, distributor, etc. | Innoform Media [distributor], |
| Date of publication, distribution, etc. | c2012. |
| 300 ## - PHYSICAL DESCRIPTION | |
| Extent | 1 videodisc (ca. 101 min.) : |
| Other physical details | sd., col. ; |
| Dimensions | 4 3/4 in. |
| 500 ## - GENERAL NOTE | |
| General note | Originally released as motion picture in 2012. |
| 511 1# - PARTICIPANT OR PERFORMER NOTE | |
| Participant or performer note | Julia Roberts, Lily Collins, Armie Hammer, Nathan Lane, Mare Winningham, Michael Lerner, Sean Bean. |
| 520 ## - SUMMARY, ETC. | |
| Summary, etc. | An exiled princess is assisted by seven rebels in order to reinstate her stolen birthright. |
| 538 ## - SYSTEM DETAILS NOTE | |
| System details note | DVD, widescreen (16:9) ; Dolby Digital surround 5.1 |
| 546 ## - LANGUAGE NOTE | |
| Language note | In English language, optional English, Chinese or Malay subtitles. |
| 650 #0 - SUBJECT ADDED ENTRY--TOPICAL TERM | |
| Topical term or geographic name entry element | Snow White (Tale) |
| Form subdivision | Drama. |
| 650 #0 - SUBJECT ADDED ENTRY--TOPICAL TERM | |
| Topical term or geographic name entry element | Queens |
| Form subdivision | Drama. |
| 650 #0 - SUBJECT ADDED ENTRY--TOPICAL TERM | |
| Topical term or geographic name entry element | Dwarfs |
| Form subdivision | Drama. |
| 700 1# - ADDED ENTRY--PERSONAL NAME | |
| Personal name | Roberts, Julia, |
| Dates associated with a name | 1967- |
| 700 1# - ADDED ENTRY--PERSONAL NAME | |
| Personal name | Collins, Lily, |
| Dates associated with a name | 1989- |
| 700 1# - ADDED ENTRY--PERSONAL NAME | |
| Personal name | Hammer, Armie, |
| Dates associated with a name | 1986- |
| 700 1# - ADDED ENTRY--PERSONAL NAME | |
| Personal name | Goldmann, Bernie |
| 700 1# - ADDED ENTRY--PERSONAL NAME | |
| Personal name | Kavanaugh, Ryan |
| 700 1# - ADDED ENTRY--PERSONAL NAME | |
| Personal name | Ratner, Brett |
| 9 (RLIN) | 31268 |
| 700 1# - ADDED ENTRY--PERSONAL NAME | |
| Personal name | Klein, Marc |
| 700 1# - ADDED ENTRY--PERSONAL NAME | |
| Personal name | Keller, Jason, |
| Dates associated with a name | 1968- |
| 710 2# - ADDED ENTRY--CORPORATE NAME | |
| Corporate name or jurisdiction name as entry element | Filmnation Entertainment (Firm) |
| 710 2# - ADDED ENTRY--CORPORATE NAME | |
| Corporate name or jurisdiction name as entry element | Relativity Media |
| 9 (RLIN) | 28623 |
| 710 2# - ADDED ENTRY--CORPORATE NAME | |
| Corporate name or jurisdiction name as entry element | InnoForm Media (M) Sdn. Bhd |
| 730 0# - ADDED ENTRY--UNIFORM TITLE | |
| Uniform title | Mirror mirror (Motion picture) |
| 920 ## - Programme | |
| Programme | GENLS : 207476 |
| 921 ## - Programme | |
| Programme | GEN : 208909 |
| Withdrawn status | Lost status | Source of classification or shelving scheme | Damaged status | Not for loan | Home library | Current library | Date acquired | Cost, normal purchase price | Total Checkouts | Barcode | Date last seen | Copy number | Cost, replacement price | Koha item type | Public note | Date last checked out |
|---|---|---|---|---|---|---|---|---|---|---|---|---|---|---|---|---|
| Withdrawn | Dewey Decimal Classification | Taylor's Library-TC | Taylor's Library-TC | 20/01/2014 | 39.90 | 1000529618 | 05/12/2019 | 1 | 39.90 | Media Resources | GENxx,GENxx,01,CL | |||||
| Dewey Decimal Classification | Taylor's Library-TU | Taylor's Library-TU | 19/12/2013 | 39.90 | 1 | 1000529490 | 05/12/2019 | 1 | 39.90 | Media Resources | GENLS,GENLS,01,CL | 03/10/2014 |